[Event "SVK-chT5 1516"]
[Site "Slovakia"]
[Date "2015.11.28"]
[Round "3.3"]
[White "Svrcek, Daniel"]
[Black "Drska, Michal"]
[Result "0-1"]
[WhiteElo "1146"]
[BlackElo "1646"]
[PlyCount "74"]
[EventDate "2015.10.24"]
[EventType "team-tourn"]
[EventRounds "9"]
[EventCountry "SVK"]
[SourceTitle "CBM 170 Extra"]
[Source "ChessBase"]
[SourceDate "2016.02.25"]
[SourceVersion "1"]
[SourceVersionDate "2016.02.25"]
[SourceQuality "1"]
[WhiteTeam "Holic III"]
[BlackTeam "Gbely Nafta IV"]
[WhiteTeamCountry "SVK"]
[BlackTeamCountry "SVK"]

1. d4 d5 2. c4 c6 3. Nc3 Nf6 4. Nf3 e6 5. Bg5 Be7 6. e3 0-0 7. Bd3 Nbd7 8. Ne5 Nxe5 9. dxe5 Nd7 10. Bxe7 Qxe7 11. Qc2 h6 12. f4 dxc4 13. Bxc4 Nxe5 14. fxe5 Qh4+ 15. g3 Qxc4 16. 0-0-0 b5 17. b3 Qc5 18. Rhe1 Qxe5 19. Rd3 a5 20. Rd4 Bb7 21. Qe2 b4 22. Nb1 c5 23. Rf4 a4 24. Qb2 Qxb2+ 25. Kxb2 axb3 26. Kxb3 Bd5+ 27. Kc2 Rxa2+ 28. Kd3 Rd8 29. Rc1 e5 30. e4 c4+ 31. Ke3 exf4+ 32. Kxf4 Be6 33. g4 f6 34. e5 Rd4+ 35. Ke3 fxe5 36. Rg1 Bxg4 37. Rg3 Re2# 0-1

[Event "SVK-chT3A2 0809"]
[Site "Slovakia"]
[Date "2009.01.25"]
[Round "6.7"]
[White "Pagerka, Slavomir"]
[Black "Drska, Michal"]
[Result "0-1"]
[WhiteElo "1848"]
[BlackElo "1350"]
[PlyCount "66"]
[EventDate "2008.10.19"]
[EventType "team-tourn"]
[EventRounds "11"]
[EventCountry "SVK"]
[SourceTitle "EXT 2010"]
[Source "ChessBase"]
[SourceDate "2010.11.25"]
[SourceVersion "1"]
[SourceVersionDate "2010.11.25"]
[SourceQuality "1"]
[WhiteTeam "Osuske II"]
[BlackTeam "Gbely Nafta"]
[WhiteTeamCountry "SVK"]
[BlackTeamCountry "SVK"]

1. e4 e5 2. Nf3 Nc6 3. d4 exd4 4. Nxd4 Nf6 5. Nxc6 bxc6 6. e5 Nd5 7. c4 Nb6 8. Be3 Qe7 9. Bd4 Qe6 10. Nd2 Bb4 11. b3 c5 12. Bb2 d5 13. f4 0-0 14. Qc2 d4 15. 0-0-0 a5 16. Bd3 h6 17. Be4 Ra7 18. a3 Bxd2+ 19. Rxd2 a4 20. f5 Qxe5 21. b4 Nxc4 22. Qxc4 Qxe4 23. Re2 Qf4+ 24. Rd2 Bxf5 25. bxc5 Qe4 26. Qa2 Re8 27. Bxd4 Rb7 28. Bb2 Rb3 29. h3 Qc4+ 30. Kd1 Qxc5 31. Rf1 Bg6 32. g4 Qc4 33. Rff2 Bc2+ 0-1

[Event "SVK-chT3A2 0607"]
[Site "Slovakia"]
[Date "2006.11.19"]
[Round "4"]
[White "Bogi, Peter"]
[Black "Drska, Michal"]
[Result "1-0"]
[WhiteElo "1350"]
[BlackElo "1350"]
[PlyCount "109"]
[EventDate "2006.10.08"]
[EventType "team-tourn"]
[EventRounds "11"]
[EventCountry "SVK"]
[SourceTitle "EXT 2008"]
[Source "ChessBase"]
[SourceDate "2007.11.25"]
[SourceVersion "1"]
[SourceVersionDate "2007.11.25"]
[SourceQuality "1"]
[WhiteTeam "Velky Meder"]
[BlackTeam "Gbely"]
[WhiteTeamCountry "SVK"]
[BlackTeamCountry "SVK"]

1. e4 e5 2. Nf3 Nc6 3. Bc4 d6 4. h3 Be7 5. d3 Nf6 6. Be3 b6 7. 0-0 0-0 8. Nc3 Bb7 9. Bg5 Na5 10. Bxf6 Bxf6 11. Bd5 c6 12. Bb3 Nxb3 13. axb3 d5 14. exd5 cxd5 15. Re1 Re8 16. Qd2 d4 17. Ne4 Bxe4 18. Rxe4 Qc7 19. Rae1 Re6 20. c3 Rae8 21. R1e2 g6 22. Qe1 Bh8 23. cxd4 exd4 24. Rxe6 Rxe6 25. Rxe6 fxe6 26. Qxe6+ Qf7 27. Qc8+ Qf8 28. Qc4+ Qf7 29. Ng5 Qxc4 30. bxc4 Kf8 31. f4 h5 32. g4 Ke7 33. Kf2 Kd7 34. Kf3 Kc6 35. b4 a5 36. bxa5 bxa5 37. Ke2 Bf6 38. Ne4 Be7 39. Kd2 Bb4+ 40. Kc2 a4 41. Kb2 a3+ 42. Kb3 Be7 43. Nd2 Kd7 44. Ne4 Ke6 45. gxh5 gxh5 46. c5 h4 47. Kxa3 Kf5 48. Kb3 Kxf4 49. c6 Bd8 50. Kc4 Ke3 51. Ng5 Bb6 52. Ne6 Kf3 53. Kb5 Kg3 54. Kxb6 Kxh3 55. c7 1-0